000 03014nam a2200349 a 4500
001 12721
003 BD-JhCC
005 20230509083203.0
008 230509t20182018nyua b 001 0 eng c
020 _z9780141986067
035 _a(BD-JhCC)12721
040 _aOU/DLC
_beng
_cOU
_erda
_dDLC
_dBD-JhCC
050 0 0 _aQB461
_b.K343 2018
082 0 0 _a629.45/5
_223
_bKAK 2018
100 1 _aKaku, Michio,
_eauthor.
245 1 4 _aThe future of humanity :
_bterraforming Mars, interstellar travel, immortality, and our destiny beyond Earth /
_cDr. Michio Kaku, Professor of Theoretical Physics, City University of New York.
250 _aFirst edition.
264 1 _aNew York :
_bPenguin Random House, LLC,
_c[2018]
264 4 _c©2018
300 _axx, 339 pages :
_billustrations ;
_c25 cm
336 _atext
_btxt
_2rdacontent
337 _aunmediated
_bn
_2rdamedia
338 _avolume
_bnc
_2rdacarrier
504 _aIncludes bibliographical references (pages 309-324) and index.
505 0 _aIntroduction: Toward a multiplanet species -- Part I: Leaving the Earth -- Preparing for liftoff -- New golden age of space travel -- Mining the heavens -- Mars or bust -- Mars: the garden planet -- Gas giants, comets, and beyond -- Part II: Voyage to the stars -- Robots in space -- Building a starship -- Kepler and a universe of planets -- Part III: Life in the universe -- Immortality -- Transhumanism and technology -- Search for extraterrestrial life -- Advanced civilizations -- Leaving the universe.
520 _a"Formerly the domain of fiction, moving human civilization to the stars is increasingly becoming a scientific possibility--and a necessity. Whether in the near future due to climate change and the depletion of finite resources, or in the distant future due to catastrophic cosmological events, we must face the reality that humans will one day need to leave planet Earth to survive as a species. World-renowned physicist and futurist Michio Kaku explores in rich, intimate detail the process by which humanity may gradually move away from the planet and develop a sustainable civilization in outer space. He reveals how cutting-edge developments in robotics, nanotechnology, and biotechnology may allow us to terraform and build habitable cities on Mars. He then takes us beyond the solar system to nearby stars, which may soon be reached by nanoships traveling on laser beams at near the speed of light. Finally, he brings us beyond our galaxy, and even beyond our universe, to the possibility of immortality, showing us how humans may someday be able to leave our bodies entirely and laser port to new havens in space. With irrepressible enthusiasm and wonder, Dr. Kaku takes readers on a fascinating journey to a future in which humanity may finally fulfill its long-awaited destiny among the stars"--
_cProvided by publisher.
650 0 _aAstrophysics.
650 0 _aInterplanetary voyages.
906 _a7
_bcbc
_corignew
_d1
_eecip
_f20
_gy-gencatlg
942 _2ddc
_cBK
999 _c12721
_d12721